The battle for Spain : the Spanish Civil War, 1936-1939 (Record no. 82962)

MARC details
000 -LEADER
fixed length control field 00643 a2200217 4500
003 - CONTROL NUMBER IDENTIFIER
control field CBULib
005 - DATE AND TIME OF LATEST TRANSACTION
control field 20231019101024.0
008 - FIXED-LENGTH DATA ELEMENTS--GENERAL INFORMATION
fixed length control field 231019b |||||||| |||| 00| 0 eng d
020 ## - INTERNATIONAL STANDARD BOOK NUMBER
International Standard Book Number 9780297848325
040 ## - CATALOGING SOURCE
Language of cataloging English
Transcribing agency CBULib
Description conventions rda
050 ## - LIBRARY OF CONGRESS CALL NUMBER
Classification number DP 269 Bee
100 ## - MAIN ENTRY--PERSONAL NAME
Personal name Beevor, Antony
245 ## - TITLE STATEMENT
Title The battle for Spain : the Spanish Civil War, 1936-1939
Statement of responsibility, etc / by Antony Beevor
260 ## - PUBLICATION, DISTRIBUTION, ETC. (IMPRINT)
Name of publisher, distributor, etc Weidenfeld & Nicolson,
Date of publication, distribution, etc [2006]
Place of publication, distribution, etc London :
300 ## - PHYSICAL DESCRIPTION
Extent xxxii, 526 pages : illustrations
336 ## - CONTENT TYPE
Source rdacontent
Content type term Text |
337 ## - MEDIA TYPE
Source rdamedia
Media type term Unmediated |
338 ## - CARRIER TYPE
Source rdacarrier
Carrier type term Volume
650 #0 - SUBJECT ADDED ENTRY--TOPICAL TERM
9 (RLIN) 899
Topical term or geographic name as entry element SPAIN
942 ## - ADDED ENTRY ELEMENTS (KOHA)
Source of classification or shelving scheme
Koha item type MONOGRAPH
Holdings
Withdrawn status Lost status Source of classification or shelving scheme Damaged status Not for loan Collection code Permanent Location Current Location Shelving location Date acquired Source of acquisition Cost, normal purchase price Total Checkouts Full call number Barcode Date last seen Copy number Price effective from Koha item type
          Main Library Open Access Collection CBU-MAIN LIBRARY, KITWE. CBU-MAIN LIBRARY, KITWE. General Stacks 10/19/2023 DON-BOOKAID 54.29   DP 269.29 Bee 752435 10/19/2023 1 10/19/2023 MONOGRAPH